Tir al Ninot- Zoo - Estadísticas

Estadísticas generales
  • Esta prueba ha sido intentada 14 veces
  • La puntuación promedio es 186 de 320
Estadísticas de respuestas
Hint Respuesta % Correcto
- ?
100%
- A
100%
- a
100%
- i
100%
- al
92%
- de
92%
- del
92%
- la
92%
- les
92%
- mal
92%
- ninot
92%
- que
92%
- què
92%
- el
83%
- és
83%
- es
83%
- filles
83%
- fills
83%
- herbes
83%
- locura
83%
- males
83%
- no
83%
- altar
75%
- caos
75%
- contra
75%
- li
75%
- On
75%
- on
75%
- parar
75%
- pel
75%
- qui
75%
- Qui
75%
-
75%
- van
75%
- volen
75%
- abans
67%
- car
67%
- ell
67%
- ells
67%
- fer
67%
- gràcies
67%
- jo
67%
- l'arquitecte
67%
- per
67%
- poden
67%
- ara
58%
- bar
58%
- cor
58%
- descarrilar
58%
- destí
58%
- disgustos
58%
- ha
58%
- ho
58%
- l'origen
58%
- Morirà
58%
- mort
58%
- néixer
58%
- paga
58%
- pedres
58%
- Pell
58%
- pell
58%
- Quin
58%
- rei
58%
- reparteixen
58%
- tots
58%
- vell
58%
- vostre
58%
- amb
50%
- baralles
50%
- cara
50%
- castell
50%
- com
50%
- d'agitació
50%
- drama
50%
- eixe
50%
- els
50%
- fa
50%
- funcionava
50%
- mana
50%
- mateix
50%
- més
50%
- món
50%
- patró
50%
- recordava
50%
- sap
50%
- ser
50%
- trens
50%
- un
50%
- vida
50%
- ací
42%
- anys
42%
- carnaval
42%
- ciutat
42%
- clavat
42%
- Col·legi
42%
- col·legi
42%
- crisi
42%
- d'amor
42%
- desert
42%
- dolor
42%
- ella
42%
- insultaven
42%
- l'equip
42%
- L'han
42%
- llancen
42%
- mentira
42%
- More
42%
- nostàlgia
42%
- oblida
42%
- pamflet
42%
- parla
42%
- passat
42%
- pobra
42%
- presoner
42%
- públic
42%
- punyal
42%
- relat
42%
- sentint-se
42%
- sincer
42%
- soles
42%
- superat
42%
- tenen
42%
- una
42%
- viu
42%
- amarg
33%
- ballen
33%
- bon
33%
- carceller
33%
- companyies
33%
- d'aquell
33%
- d'este
33%
- estranger
33%
- explosiva
33%
- fama
33%
- final
33%
- fins
33%
- ingrat
33%
- l'enxufaven
33%
- malparlada
33%
- malpensats
33%
- pares
33%
- punkis
33%
- regust
33%
- selecta
33%
- talladets
33%
- venen
33%
- veu
33%
- xusma
33%
- alçaven
25%
- anaven
25%
- arrastrem
25%
- assegurats
25%
- avingudes
25%
- boca
25%
- canviat
25%
- carrera
25%
- contemplen
25%
- dels
25%
- d'encefalograma
25%
- derrota
25%
- doctrines
25%
- èxits
25%
- festes
25%
- fracassos
25%
- guapes
25%
- jaquetes
25%
- l'orgull
25%
- mercat
25%
- meteòrica
25%
- oficials
25%
- passegen
25%
- plans
25%
- poble
25%
- problemes
25%
- rajaven
25%
- rencor
25%
- reparada
25%
- saben
25%
- 80
17%
- carrers
17%
- censura
17%
- cotxe
17%
- dogma
17%
- estar
17%
- innat
17%
- llums
17%
- parc
17%
- parcs
17%
- parental
17%
- pels
17%
- redskins
17%
- regulat
17%
- seus
17%
- tristesa
17%
- als
8%
- barris
8%
- cantinela
8%
- liberal
8%
- net
8%
- obrers
8%
- peülla
8%
- rapers
8%
- religiós
8%
- remoregen
8%
- retoret
8%
- jebis
0%
- tragava
0%
No se encontraron pruebas coincidentes
Distribución de puntuación
Porcentaje de gente con cada puntuación
Porcentaje por número respondido
Historial de tus puntuaciones
No has intentado esta prueba.